[Event "Provence-ch Majeur op 9899"]
[Site "France"]
[Date "1998.??.??"]
[Round "1"]
[White "Zazzi, Clement"]
[Black "Pieri, Thierry"]
[Result "1-0"]
[WhiteElo "1750"]
[BlackElo "1920"]
[PlyCount "81"]
[EventDate "1998.??.??"]
[EventType "swiss"]
[EventRounds "9"]
[EventCountry "FRA"]
[SourceTitle "EXT 2005"]
[Source "ChessBase"]
[SourceDate "2004.11.15"]
[SourceVersion "1"]
[SourceVersionDate "2004.11.15"]
[SourceQuality "1"]

1. e4 d6 2. d4 Nf6 3. Nc3 g6 4. Bg5 c6 5. Bc4 b5 6. Bxf6 exf6 7. Nxb5 cxb5 8. Bd5 Bh6 9. Bxa8 Qa5+ 10. c3 b4 11. Qb3 0-0 12. cxb4 Qb5 13. a4 Qb6 14. Ne2 Be6 15. Bd5 Bxd5 16. exd5 Re8 17. Qc4 Qa6 18. b5 Qb7 19. 0-0 Qe7 20. Ng3 f5 21. Qc3 Qb7 22. Rae1 Rc8 23. Qb3 Nd7 24. Re2 Nf6 25. Rfe1 Rc7 26. Rc2 Rxc2 27. Qxc2 Qxd5 28. Qc3 Kg7 29. Re7 Qa2 30. Rxa7 Qb1+ 31. Nf1 Ne4 32. Qb3 Qxf1+ 33. Kxf1 Nd2+ 34. Ke2 Nxb3 35. b6 Nxd4+ 36. Kd3 Nc6 37. Rc7 Nb8 38. g3 f4 39. b7 Kf6 40. Rc8 Nd7 41. a5 1-0